Плач по красной суке: Роман

গ্রন্থ-পঞ্জীর বিবরন
প্রধান লেখক: Петкевич Инга
ভাষা:রুশ
প্রকাশিত: СПб., Амфора, 2000
মালা:Гербарий
বিষয়গুলি:
বিন্যাস: গ্রন্থ
KOHA link:https://koha.lib.tpu.ru/cgi-bin/koha/opac-detail.pl?biblionumber=30501

MARC

LEADER 00000nam0a2200000 4500
001 30501
005 20231030203929.0
010 |a 5830101378 
035 |a (RuTPU)RU\TPU\book\30771 
035 |a BOOK00030848 
090 |a 30501 
100 |a 20011209d2000 u y0rusy50 ca 
101 0 |a rus 
102 |a RU 
105 |a  000ay 
200 1 |a Плач по красной суке  |e Роман  |f И. Петкевич 
210 |a СПб.  |c Амфора  |d 2000 
215 |a 638 с. 
225 1 |a Гербарий 
610 1 |a проза 
610 1 |a романы 
675 |a Р2  |v 3 
700 1 |a Петкевич  |g Инга 
801 0 |a RU  |b 63413507  |c 20011209  |g PSBO 
942 |c BK